[Event "Washington State-chB"]
[Site "Kirkland"]
[Date "2020.02.15"]
[Round "5"]
[White "Rupel, David G"]
[Black "Airapetian, Chouchanik"]
[Result "1/2-1/2"]
[WhiteElo "1924"]
[BlackElo "1915"]
[PlyCount "55"]
[EventDate "2020.02.08"]
[EventType "tourn"]
[EventRounds "9"]
[EventCountry "USA"]
[SourceTitle "EXT 2023"]
[Source "ChessBase"]
[SourceDate "2022.10.05"]
[SourceVersion "1"]
[SourceVersionDate "2022.10.05"]
[SourceQuality "1"]

1. d4 Nf6 2. c4 g6 3. Nc3 Bg7 4. e4 d6 5. Nge2 0-0 6. Ng3 c5 7. d5 e6 8. Be2 exd5 9. exd5 Na6 10. Bf4 Nc7 11. Qd2 a6 12. a4 Rb8 13. h3 Re8 14. 0-0 b6 15. Rfe1 Bb7 16. Bg5 Qe7 17. Qf4 Qe5 18. Qxe5 dxe5 19. Bxf6 Bxf6 20. Nge4 Bd8 21. Nd6 Rf8 22. Nxb7 Rxb7 23. Bf3 Ne8 24. Rxe5 Nd6 25. Be2 Bf6 26. Re3 Bd4 27. Rf3 Re8 28. Bd3 1/2-1/2

[Event "Washington State-chB"]
[Site "Kirkland"]
[Date "2020.02.09"]
[Round "3"]
[White "Lewis Sandy, Joshua"]
[Black "Airapetian, Chouchanik"]
[Result "0-1"]
[WhiteElo "1829"]
[BlackElo "1915"]
[PlyCount "124"]
[EventDate "2020.02.08"]
[EventType "tourn"]
[EventRounds "9"]
[EventCountry "USA"]
[SourceTitle "EXT 2023"]
[Source "ChessBase"]
[SourceDate "2022.10.05"]
[SourceVersion "1"]
[SourceVersionDate "2022.10.05"]
[SourceQuality "1"]

1. e4 e5 2. Nf3 Nc6 3. Bc4 Bc5 4. c3 Nf6 5. d3 d6 6. b4 Bb6 7. Nbd2 0-0 8. h3 a5 9. b5 Ne7 10. 0-0 Ng6 11. Re1 Bd7 12. d4 Re8 13. Ba3 h6 14. Qb3 Be6 15. Rad1 a4 16. Qc2 Qc8 17. Bf1 Nh5 18. Nc4 Bxc4 19. Bxc4 Nhf4 20. Kh2 Ba7 21. Bc1 c6 22. Qxa4 d5 23. exd5 cxd5 24. Bxf4 Nxf4 25. Bf1 Bxd4 26. Qc2 Qxc3 27. Nxd4 exd4 28. Rxe8+ Rxe8 29. Qf5 Ne2 30. Qd3 Qc7+ 31. g3 Nc3 32. Rd2 Ne4 33. Rc2 Qe5 34. Bg2 Qf6 35. Re2 Rd8 36. Bxe4 dxe4 37. Qxe4 d3 38. Rd2 Qc3 39. Qe3 h5 40. h4 g6 41. a4 Qc4 42. Qe7 Qd5 43. Qa3 Rd7 44. Qc3 Kh7 45. b6 Qf5 46. a5 g5 47. hxg5 h4 48. Qf6 hxg3+ 49. Kxg3 Qxa5 50. Rd1 Qd5 51. f3 Qd6+ 52. Qf4 Kg6 53. Rd2 Qxf4+ 54. Kxf4 Rd6 55. Ke5 Re6+ 56. Kf4 Rxb6 57. Rxd3 Rb4+ 58. Ke5 Rb5+ 59. Kd4 Kxg5 60. Kc4 Re5 61. Rb3 b5+ 62. Kd4 Kf4 0-1

[Event "Washington State-chC"]
[Site "Redmond"]
[Date "2019.02.24"]
[Round "9"]
[White "Arganian, David H"]
[Black "Airapetian, Chouchanik"]
[Result "0-1"]
[WhiteElo "1898"]
[BlackElo "1923"]
[PlyCount "48"]
[EventDate "2019.02.16"]
[EventType "tourn"]
[EventRounds "9"]
[EventCountry "USA"]
[SourceTitle "EXT 2023"]
[Source "ChessBase"]
[SourceDate "2022.10.05"]
[SourceVersion "1"]
[SourceVersionDate "2022.10.05"]
[SourceQuality "1"]

1. e4 e5 2. Nf3 Nc6 3. Bb5 a6 4. Ba4 Nf6 5. Nc3 Bc5 6. d3 d6 7. Be3 Bxe3 8. fxe3 0-0 9. 0-0 b5 10. Bb3 Na5 11. Qe1 c5 12. Bd5 Nxd5 13. Nxd5 Be6 14. Nh4 Nc6 15. Nf5 Bxd5 16. exd5 Nb4 17. Qg3 g6 18. e4 Nxc2 19. Nh6+ Kg7 20. Rxf7+ Rxf7 21. Nxf7 Qe7 22. Rf1 Rf8 23. Ng5 Nd4 24. Qe3 Qxg5 0-1

[Event "Washington State-chC"]
[Site "Redmond"]
[Date "2019.02.16"]
[Round "2"]
[White "Airapetian, Chouchanik"]
[Black "Velea, Anne Marie"]
[Result "0-1"]
[WhiteElo "1923"]
[BlackElo "1926"]
[PlyCount "64"]
[EventDate "2019.02.16"]
[EventType "tourn"]
[EventRounds "9"]
[EventCountry "USA"]
[SourceTitle "EXT 2023"]
[Source "ChessBase"]
[SourceDate "2022.10.05"]
[SourceVersion "1"]
[SourceVersionDate "2022.10.05"]
[SourceQuality "1"]

1. e4 c5 2. Nf3 d6 3. d4 cxd4 4. Nxd4 Nf6 5. Nc3 g6 6. Be2 Bg7 7. 0-0 0-0 8. Be3 Nc6 9. Nb3 Be6 10. f4 Qc8 11. h3 Rb8 12. a4 a5 13. Bf3 Nd7 14. f5 Bc4 15. Be2 Nde5 16. Nd5 b5 17. f6 exf6 18. axb5 Bxb5 19. Nxa5 Bxe2 20. Qxe2 Qd8 21. Nxc6 Nxc6 22. c3 Re8 23. Ra6 Ne5 24. Bb6 Qc8 25. Rfa1 Qc4 26. Qe3 f5 27. R1a4 Qb3 28. Bc7 Qd1+ 29. Kh2 Rxb2 30. Bxd6 Qf1 31. Nf4 Bh6 32. exf5 Bxf4+ 0-1

[Event "Grand Pacific op 11th"]
[Site "Victoria"]
[Date "2017.04.14"]
[Round "1"]
[White "Cao, Jason"]
[Black "Airapetian, Chouchanik"]
[Result "1-0"]
[WhiteElo "2336"]
[BlackElo "1992"]
[PlyCount "63"]
[EventDate "2017.04.14"]
[EventType "tourn"]
[EventRounds "6"]
[EventCountry "CAN"]
[SourceTitle "CBM 178 Extra"]
[Source "ChessBase"]
[SourceDate "2017.06.22"]
[SourceVersion "1"]
[SourceVersionDate "2017.06.22"]
[SourceQuality "1"]

1. e4 e5 2. Nf3 Nc6 3. Bb5 a6 4. Ba4 Nf6 5. d3 b5 6. Bb3 Bc5 7. a4 Bb7 8. Nc3 b4 9. Ne2 h6 10. Ng3 0-0 11. Nf5 d5 12. exd5 Nxd5 13. 0-0 Qd7 14. N3h4 Nf6 15. Bxh6 gxh6 16. Qd2 Nd4 17. Nxh6+ Kh7 18. Qg5 Bxg2 19. Bxf7 Ne2+ 20. Kxg2 Nf4+ 21. Kh1 Rxf7 22. Nxf7 Qxf7 23. Qf5+ Kh8 24. Rg1 Bxf2 25. Ng6+ Nxg6 26. Rxg6 Bh4 27. Rh6+ Kg8 28. Rg1+ Kf8 29. Rh8+ Ke7 30. Qxe5+ Kd7 31. Rxa8 Qh7 32. Rxa6 1-0

[Event "Washington State-chC"]
[Site "Redmond"]
[Date "2017.02.20"]
[Round "9"]
[White "Airapetian, Chouchanik"]
[Black "Bishop, Alan"]
[Result "0-1"]
[WhiteElo "2008"]
[BlackElo "1862"]
[PlyCount "112"]
[EventDate "2017.02.11"]
[EventType "tourn"]
[EventRounds "9"]
[EventCountry "USA"]
[SourceTitle "EXT 2023"]
[Source "ChessBase"]
[SourceDate "2022.10.05"]
[SourceVersion "1"]
[SourceVersionDate "2022.10.05"]
[SourceQuality "1"]

1. e4 c5 2. Nf3 d6 3. d4 cxd4 4. Nxd4 Nf6 5. Nc3 a6 6. Bg5 e6 7. f4 Be7 8. Qf3 h6 9. Bxf6 Bxf6 10. 0-0-0 Qb6 11. Nb3 Nd7 12. Be2 Qc7 13. Qd3 Be7 14. Bf3 Nb6 15. f5 0-0 16. g4 Nc4 17. h4 b5 18. g5 b4 19. Ne2 hxg5 20. Rdg1 g4 21. Bxg4 Bf6 22. Ned4 exf5 23. exf5 Bb7 24. Rh3 Rfe8 25. Be2 Bd5 26. h5 Kf8 27. Rhg3 Nxb2 28. Kxb2 Bxb3 29. axb3 Rxe2 30. Qxe2 Bxd4+ 31. Kb1 Qa5 32. c3 Qxf5+ 33. Ka2 Qa5+ 34. Kb1 Qf5+ 35. Ka2 Qa5+ 36. Kb1 bxc3 37. Rd1 c2+ 38. Kxc2 Qa2+ 39. Kd3 Qxb3+ 40. Kxd4 Qxg3 41. Re1 Qe5+ 42. Qxe5 dxe5+ 43. Rxe5 a5 44. Kc3 a4 45. Kb2 a3+ 46. Ka2 Ra6 47. Re4 Ra5 48. Rh4 f5 49. h6 gxh6 50. Rxh6 Kg7 51. Rh1 Kf6 52. Rf1 Ke5 53. Re1+ Kd4 54. Re8 f4 55. Rf8 Ke3 56. Re8+ Kf2 0-1

[Event "Washington State-ch Premier"]
[Site "Redmond"]
[Date "2016.02.14"]
[Round "7"]
[White "He, Anthony B"]
[Black "Airapetian, Chouchanik"]
[Result "1-0"]
[WhiteElo "1901"]
[BlackElo "2086"]
[PlyCount "97"]
[EventDate "2016.02.06"]
[EventType "tourn"]
[EventRounds "9"]
[EventCountry "USA"]
[SourceTitle "EXT 2018"]
[Source "ChessBase"]
[SourceDate "2017.10.13"]
[SourceVersion "1"]
[SourceVersionDate "2017.10.13"]
[SourceQuality "1"]

1. e4 e5 2. Nf3 Nc6 3. Bc4 Nf6 4. d3 Be7 5. 0-0 0-0 6. Re1 d6 7. a4 Be6 8. Nbd2 a6 9. a5 Nd7 10. c3 Kh8 11. d4 Bxc4 12. Nxc4 exd4 13. cxd4 f5 14. exf5 Rxf5 15. d5 Nb4 16. Ne3 Rf4 17. Nd4 Re4 18. Ra4 Rxd4 19. Qxd4 c5 20. dxc6 Nxc6 21. Qd1 Nc5 22. Ra3 Bg5 23. Nd5 Bxc1 24. Qxc1 Ne5 25. Qd1 Qh4 26. Rh3 Qa4 27. b4 Qxd1 28. Rxd1 Ne6 29. f4 Nc6 30. Re3 Ned4 31. Re4 Nf5 32. g4 Nh4 33. Nb6 Rf8 34. Rxd6 g5 35. f5 Nf3+ 36. Kf2 Nfe5 37. Nd7 Nxd7 38. Rxd7 Rb8 39. f6 Kg8 40. Re8+ Rxe8 41. f7+ Kf8 42. fxe8Q+ Kxe8 43. Rxb7 h6 44. Rb6 Ne5 45. h3 Kf7 46. Ke3 Nc4+ 47. Kd4 Nxb6 48. axb6 Ke7 49. b7 1-0

[Event "Washington State-ch Premier"]
[Site "Redmond"]
[Date "2016.02.06"]
[Round "1"]
[White "Airapetian, Chouchanik"]
[Black "Haining, Kyle"]
[Result "1/2-1/2"]
[WhiteElo "2086"]
[BlackElo "2111"]
[PlyCount "100"]
[EventDate "2016.02.06"]
[EventType "tourn"]
[EventRounds "9"]
[EventCountry "USA"]
[SourceTitle "EXT 2018"]
[Source "ChessBase"]
[SourceDate "2017.10.13"]
[SourceVersion "1"]
[SourceVersionDate "2017.10.13"]
[SourceQuality "1"]

1. e4 g6 2. d4 Bg7 3. c4 d6 4. Nc3 Nf6 5. Be3 0-0 6. f3 Nbd7 7. Bd3 c5 8. Nge2 b6 9. Qd2 Bb7 10. d5 Ne5 11. 0-0 e6 12. Rad1 Re8 13. Bg5 a6 14. dxe6 fxe6 15. f4 Nf7 16. Bh4 Qd7 17. Bc2 Bc6 18. f5 Ng4 19. fxg6 hxg6 20. e5 Bh6 21. Nf4 Nfxe5 22. h3 Nxc4 23. Qe2 Nge3 24. Bxg6 Nxd1 25. Nh5 Rf8 26. Rxd1 Ne3 27. Rd3 Bxg2 28. Nf6+ Rxf6 29. Bxf6 Bf1 30. Qf3 Bxd3 31. Qxa8+ Bf8 32. Bxd3 d5 33. Be5 c4 34. Be2 Qe7 35. Kf2 Nc2 36. Qc8 Qh4+ 37. Bg3 Qd4+ 38. Kg2 Ne3+ 39. Kf3 Kf7 40. Qc7+ Be7 41. Qf4+ Nf5 42. Qxd4 Nxd4+ 43. Kg4 b5 44. Bd1 Nf5 45. Nxd5 Nxg3 46. Nxe7 Ne4 47. Bc2 Nf6+ 48. Kg5 Kxe7 49. h4 b4 50. h5 Nd5 1/2-1/2

[Event "Washington State-ch Premier"]
[Site "Redmond"]
[Date "2016.02.06"]
[Round "2"]
[White "Schill, William"]
[Black "Airapetian, Chouchanik"]
[Result "1-0"]
[WhiteElo "2178"]
[BlackElo "2086"]
[PlyCount "89"]
[EventDate "2016.02.06"]
[EventType "tourn"]
[EventRounds "9"]
[EventCountry "USA"]
[SourceTitle "EXT 2018"]
[Source "ChessBase"]
[SourceDate "2017.10.13"]
[SourceVersion "1"]
[SourceVersionDate "2017.10.13"]
[SourceQuality "1"]

1. e4 e5 2. Nf3 Nc6 3. Nc3 Bc5 4. Be2 d6 5. Na4 Nf6 6. Nxc5 dxc5 7. Bb5 Bd7 8. d3 h6 9. Bxc6 Bxc6 10. Nxe5 Bb5 11. Be3 Qe7 12. f4 0-0-0 13. c4 Be8 14. Qe2 Kb8 15. 0-0-0 Nh7 16. Nf3 g5 17. f5 g4 18. Ne1 h5 19. h3 Nf6 20. Bg5 Rg8 21. h4 Qe5 22. Qe3 Ba4 23. Rd2 Rge8 24. g3 Bc6 25. Ng2 Rd7 26. Re1 Ng8 27. Qf2 f6 28. Bf4 Qe7 29. Be3 Qe5 30. Bxc5 Red8 31. Nf4 Qe8 32. Bxa7+ Ka8 33. Bc5 b5 34. Nd5 Kb7 35. Rc2 Ra8 36. a3 Ra6 37. Nb4 bxc4 38. dxc4 Ra5 39. e5 Rd8 40. Nxc6 Kxc6 41. Qg2+ Kxc5 42. b4+ Kb6 43. bxa5+ Kxa5 44. Qb7 Rd3 45. Qxc7+ 1-0

[Event "Washington State Inv"]
[Site "Seattle"]
[Date "2015.02.15"]
[Round "8"]
[White "Airapetian, Chouchanik"]
[Black "Bishop, Alan"]
[Result "1-0"]
[WhiteElo "2039"]
[BlackElo "1839"]
[PlyCount "64"]
[EventDate "2015.02.07"]
[EventType "tourn"]
[EventRounds "9"]
[EventCountry "USA"]
[SourceTitle "EXT 2017"]
[Source "ChessBase"]
[SourceDate "2016.10.25"]
[SourceVersion "1"]
[SourceVersionDate "2016.10.25"]
[SourceQuality "1"]

1. e4 c5 2. Nf3 d6 3. d4 cxd4 4. Nxd4 Nf6 5. Nc3 a6 6. Be2 e5 7. Nb3 Be6 8. 0-0 Be7 9. f4 exf4 10. Bxf4 Nc6 11. Bf3 0-0 12. Nd5 Ne5 13. Nd4 Re8 14. Nxe7+ Rxe7 15. Bg5 Re8 16. Kh1 Bc4 17. Be2 Bxe2 18. Qxe2 Ned7 19. Qf3 Qa5 20. Nf5 Qe5 21. Bf4 Qxe4 22. Nxd6 Qxf3 23. Rxf3 Re2 24. Rc1 b5 25. Re3 Rxe3 26. Bxe3 Nd5 27. Bd4 Nf8 28. c4 bxc4 29. Rxc4 Rd8 30. Be5 Ng6 31. Bg3 Ndf4 32. Rc8 Rxc8 1-0

[Event "Victoria Grand Pacific op 7th"]
[Site "Victoria"]
[Date "2013.03.31"]
[Round "5"]
[White "Airapetian, Chouchanik"]
[Black "Sohal, Tanraj"]
[Result "0-1"]
[WhiteElo "2077"]
[BlackElo "2120"]
[PlyCount "82"]
[EventDate "2013.03.29"]
[EventType "swiss"]
[EventRounds "6"]
[EventCountry "CAN"]
[SourceTitle "CBM 153 Extra"]
[Source "ChessBase"]
[SourceDate "2013.04.22"]
[SourceVersion "1"]
[SourceVersionDate "2013.04.22"]
[SourceQuality "1"]

1. e4 c5 2. Nf3 Nc6 3. d4 cxd4 4. Nxd4 Nf6 5. Nc3 e6 6. Be2 Bb4 7. Nxc6 bxc6 8. e5 Ne4 9. Bd2 Bxc3 10. bxc3 Qa5 11. 0-0 Qxe5 12. Bf3 Nxd2 13. Qxd2 0-0 14. Rfe1 Qc5 15. Rab1 d5 16. Rb4 Qe7 17. c4 a5 18. Ra4 Qc7 19. Re3 Ba6 20. cxd5 cxd5 21. Rc3 Qd8 22. Be2 Bxe2 23. Qxe2 Qf6 24. Rc5 g6 25. g3 Qb2 26. Qf3 Rac8 27. Raxa5 Rxc5 28. Rxc5 Qxa2 29. Rc7 Qa5 30. Qf4 Qa1+ 31. Kg2 Kg7 32. h4 Qf6 33. Qd2 Qe5 34. Rc5 Rb8 35. Qd3 Rb1 36. Kh2 Qe1 37. Qd4+ e5 38. Qxd5 Qxf2+ 39. Kh3 Re1 40. Rc3 Re2 41. Qb7 h5 0-1

[Event "US Open-113"]
[Site "Vancouver"]
[Date "2012.08.09"]
[Round "6"]
[White "Merwin, Steve"]
[Black "Airapetian, Chouchanik"]
[Result "0-1"]
[WhiteElo "2042"]
[BlackElo "2107"]
[PlyCount "90"]
[EventDate "2012.08.04"]
[EventType "swiss"]
[EventRounds "9"]
[EventCountry "USA"]
[SourceTitle "CBM 149 Extra"]
[Source "ChessBase"]
[SourceDate "2012.08.24"]
[SourceVersion "1"]
[SourceVersionDate "2012.08.24"]
[SourceQuality "1"]

1. e4 e5 2. d4 exd4 3. Bc4 Nf6 4. Nf3 Nc6 5. e5 d5 6. Bb5 Ne4 7. Nxd4 Bd7 8. Bxc6 bxc6 9. 0-0 c5 10. Nf3 Be6 11. Qe2 Be7 12. Nbd2 Nxd2 13. Bxd2 0-0 14. b3 Re8 15. Ne1 f6 16. f4 Qd7 17. Nf3 Bf5 18. Bc3 d4 19. Rad1 Qe6 20. Bb2 Rad8 21. Kh1 fxe5 22. fxe5 Qg6 23. Rf2 Kh8 24. Qd2 Be4 25. Rdf1 h6 26. a4 d3 27. c4 Rb8 28. Qc3 Qe6 29. Nd2 Bg6 30. Qa5 Bh4 31. g3 Qc6+ 32. Kg1 Bg5 33. Qc3 Be3 34. e6 Bd4 35. Qc1 Bxf2+ 36. Rxf2 Qxe6 37. Qc3 Qe1+ 38. Kg2 Re7 39. Ba3 Be4+ 40. Nxe4 Qxe4+ 41. Kh3 Re5 42. g4 h5 43. Rg2 Qf3+ 44. Rg3 hxg4+ 45. Kh4 Qf6+ 0-1

[Event "Washington State-ch Premier"]
[Site "Seattle"]
[Date "2011.02.19"]
[Round "6"]
[White "Lapid Shafriri, Gil"]
[Black "Airapetian, Chouchanik"]
[Result "1-0"]
[WhiteElo "2133"]
[BlackElo "2124"]
[PlyCount "119"]
[EventDate "2011.02.12"]
[EventType "tourn"]
[EventRounds "9"]
[EventCountry "USA"]
[SourceTitle "EXT 2017"]
[Source "ChessBase"]
[SourceDate "2016.10.25"]
[SourceVersion "1"]
[SourceVersionDate "2016.10.25"]
[SourceQuality "1"]

1. d4 Nf6 2. Nf3 g6 3. c3 Bg7 4. Bg5 0-0 5. Nbd2 d5 6. e3 Nbd7 7. Be2 Ne4 8. Nxe4 dxe4 9. Nd2 f5 10. Qb3+ Kh8 11. h4 h5 12. g4 fxg4 13. Nxe4 Nf6 14. Ng3 Bf5 15. f3 Qd6 16. Bf4 Qd5 17. Be5 Qxb3 18. axb3 c6 19. 0-0 gxf3 20. Bxf3 Bh3 21. Rf2 Bh6 22. Re1 Kg8 23. Bf4 Bg7 24. Bg5 Be6 25. b4 a6 26. e4 Rae8 27. e5 Ng4 28. Bxg4 Bxg4 29. Rxf8+ Kxf8 30. Rf1+ Kg8 31. Ne4 b6 32. Ra1 Bf5 33. Nf2 Bc8 34. Nd3 Kf7 35. Nf4 Rd8 36. Rf1 Bf5 37. Nxh5 Bh8 38. Ng3 Ke6 39. Nxf5 gxf5 40. Ra1 Ra8 41. Kf2 Ra7 42. Ke3 a5 43. bxa5 bxa5 44. Ra4 Rb7 45. Rxa5 Rxb2 46. Ra7 f4+ 47. Kxf4 Rf2+ 48. Ke4 Bf6 49. exf6 exf6 50. Bf4 Rc2 51. Ra6 Kd7 52. Kf5 Rxc3 53. Kxf6 Rf3 54. Ra7+ Ke8 55. Ke6 Kf8 56. Bg5 Rf1 57. Rc7 Ra1 58. Kf6 Rf1+ 59. Kg6 Ke8 60. h5 1-0

[Event "Washington State-ch Premier"]
[Site "Seattle"]
[Date "2011.02.12"]
[Round "1"]
[White "Airapetian, Chouchanik"]
[Black "Bartron, Paul"]
[Result "1-0"]
[WhiteElo "2124"]
[BlackElo "2126"]
[PlyCount "68"]
[EventDate "2011.02.12"]
[EventType "tourn"]
[EventRounds "9"]
[EventCountry "USA"]
[SourceTitle "EXT 2017"]
[Source "ChessBase"]
[SourceDate "2016.10.25"]
[SourceVersion "1"]
[SourceVersionDate "2016.10.25"]
[SourceQuality "1"]

1. e4 c5 2. Nf3 e6 3. d4 cxd4 4. Nxd4 Nf6 5. Bd3 Nc6 6. Be3 d5 7. Nxc6 bxc6 8. e5 Nd7 9. f4 Ba6 10. 0-0 Bxd3 11. cxd3 Be7 12. d4 0-0 13. Qg4 f5 14. exf6 Rxf6 15. Nd2 Qb6 16. Nf3 Raf8 17. Ng5 c5 18. Rae1 Rf5 19. dxc5 Bxc5 20. Bxc5 Nxc5 21. Kh1 h6 22. Nh3 e5 23. Rf3 e4 24. Rg3 R8f7 25. Qe2 Nd3 26. Rxd3 exd3 27. Qxd3 Qa5 28. Rc1 Rf8 29. g4 R5f7 30. g5 h5 31. g6 Re7 32. Ng5 Rfe8 33. Nf3 Re4 34. f5 Re3 1-0

[Event "Chicago op U2300 18th"]
[Site "Chicago"]
[Date "2009.05.23"]
[Round "3"]
[White "Airapetian, Chouchanik"]
[Black "Cardona Oramas, Liulia Maria"]
[Result "0-1"]
[WhiteElo "2135"]
[BlackElo "2206"]
[PlyCount "56"]
[EventDate "2009.05.22"]
[EventType "swiss"]
[EventRounds "7"]
[EventCountry "USA"]
[SourceTitle "CBM 130 Extra"]
[Source "ChessBase"]
[SourceDate "2009.07.02"]
[SourceVersion "2"]
[SourceVersionDate "2009.07.15"]
[SourceQuality "1"]

1. e4 e5 2. Nf3 d6 3. d4 Bg4 4. dxe5 Nd7 5. exd6 Bxd6 6. Be2 Qe7 7. Nc3 Ngf6 8. 0-0 0-0-0 9. Be3 Nc5 10. Nd2 h5 11. f3 Be6 12. b4 Bxh2+ 13. Kxh2 Ng4+ 14. fxg4 hxg4+ 15. Kg1 Qh4 16. Bf4 g3 17. Bxg3 Qxg3 18. Rf3 Qh2+ 19. Kf2 Qh4+ 20. g3 Qh2+ 21. Ke3 Qh6+ 22. Rf4 g5 23. Rf1 g4+ 24. Rf4 Qg7 25. Bxg4 Qxc3+ 26. Ke2 Bxg4+ 27. Rxg4 Rh2+ 28. Kf1 Rdxd2 0-1

[Event "US Open-109"]
[Site "Dallas"]
[Date "2008.08.09"]
[Round "8"]
[White "Shen, Victor C"]
[Black "Airapetian, Chouchanik"]
[Result "1/2-1/2"]
[WhiteElo "2118"]
[BlackElo "2110"]
[PlyCount "71"]
[EventDate "2008.08.02"]
[EventType "swiss"]
[EventRounds "9"]
[EventCountry "USA"]
[SourceTitle "CBM 125 Extra"]
[Source "ChessBase"]
[SourceDate "2008.09.01"]
[SourceVersion "1"]
[SourceVersionDate "2008.09.01"]
[SourceQuality "1"]

1. e4 e5 2. Nf3 d6 3. d4 Nd7 4. Bc4 c6 5. Nc3 Be7 6. 0-0 Ngf6 7. a4 b6 8. Qe2 0-0 9. dxe5 dxe5 10. Rd1 Qc7 11. Bg5 Nc5 12. Nd2 Ne6 13. Bxe6 Bxe6 14. Nf1 h6 15. Bd2 Rfe8 16. h3 Rad8 17. Ng3 Bf8 18. Qf3 Nh7 19. Nf5 Kh8 20. Be3 Rxd1+ 21. Rxd1 Rd8 22. Ra1 Bb4 23. Ne2 Bd2 24. Neg3 Bxe3 25. Qxe3 Qd7 26. a5 c5 27. Kh2 Nf6 28. Nxh6 Qd2 29. Nhf5 Bxf5 30. Nxf5 Qxe3 31. Nxe3 Nxe4 32. axb6 axb6 33. Nc4 Nxf2 34. Rf1 Nd1 35. Nxe5 Kg8 36. Rxf7 1/2-1/2

[Event "USA-ch (Women)"]
[Site "Tulsa"]
[Date "2008.05.13"]
[Round "1"]
[White "Airapetian, Chouchanik"]
[Black "Jamison, Courtney"]
[Result "1-0"]
[WhiteElo "2092"]
[BlackElo "1979"]
[PlyCount "135"]
[EventDate "2008.05.13"]
[EventType "tourn"]
[EventRounds "9"]
[EventCountry "USA"]
[SourceTitle "CBM 124 Extra"]
[Source "ChessBase"]
[SourceDate "2008.07.03"]
[SourceVersion "1"]
[SourceVersionDate "2008.07.03"]
[SourceQuality "1"]

1. e4 c6 2. d4 d5 3. exd5 cxd5 4. Bd3 Nc6 5. c3 Qc7 6. Bg5 g6 7. Nd2 Bf5 8. Bxf5 gxf5 9. Qf3 Qd7 10. Ne2 0-0-0 11. 0-0 f6 12. Bh4 Re8 13. c4 dxc4 14. Nxc4 e5 15. dxe5 fxe5 16. Rfd1 Qe6 17. Rac1 Kb8 18. Qc3 Bb4 19. Qb3 Nh6 20. Qa4 Rhg8 21. Bg3 Rg4 22. Nxe5 Nxe5 23. Qb5 Rxg3 24. hxg3 Nc6 25. Nf4 Qe5 26. Qxe5+ Rxe5 27. Nd3 Rd5 28. a3 Be7 29. b4 a6 30. Kf1 Ng4 31. Nf4 Rxd1+ 32. Rxd1 Nge5 33. Nd5 Ng6 34. f4 Kc8 35. Ke2 Bf8 36. Kd3 b5 37. Rh1 h6 38. Ne3 a5 39. bxa5 Bxa3 40. Rb1 b4 41. a6 Nge7 42. Kc4 Kb8 43. Nc2 Ka7 44. Kb5 Nb8 45. Nxb4 Bxb4 46. Rxb4 Nd5 47. Rb3 Nxa6 48. Ra3 Kb7 49. Rd3 Nac7+ 50. Kc5 Nf6 51. Kd6 h5 52. Ke5 Nce8 53. Kxf5 Kc7 54. Ke6 Ng4 55. Rd7+ Kc6 56. Rh7 Nef6 57. Rh8 Kc5 58. Rd8 Kc4 59. Kf5 Nd5 60. Rh8 Nde3+ 61. Kg5 Nxg2 62. Rxh5 N2e3 63. Rh4 Nf2 64. f5+ Kd5 65. f6 Nd3 66. f7 Nc5 67. Kf6 Kd6 68. f8Q+ 1-0

[Event "USA-ch (Women)"]
[Site "Tulsa"]
[Date "2008.05.13"]
[Round "7"]
[White "Krush, Irina"]
[Black "Airapetian, Chouchanik"]
[Result "1-0"]
[WhiteElo "2479"]
[BlackElo "2092"]
[PlyCount "91"]
[EventDate "2008.05.13"]
[EventType "tourn"]
[EventRounds "9"]
[EventCountry "USA"]
[SourceTitle "CBM 124 Extra"]
[Source "ChessBase"]
[SourceDate "2008.07.03"]
[SourceVersion "1"]
[SourceVersionDate "2008.07.03"]
[SourceQuality "1"]

1. d4 Nf6 2. c4 g6 3. Nc3 Bg7 4. e4 d6 5. f4 0-0 6. Nf3 e5 7. dxe5 dxe5 8. Qxd8 Rxd8 9. Nxe5 Re8 10. Bd3 Nxe4 11. Bxe4 f6 12. Bd5+ Kh8 13. Bf7 Rf8 14. Nxg6+ hxg6 15. Bxg6 f5 16. 0-0 Be6 17. Nd5 Na6 18. Rf3 Bxd5 19. cxd5 Rad8 20. Rh3+ Kg8 21. Bh7+ Kf7 22. Bxf5 Rxd5 23. Bc2 Nc5 24. Rb1 a5 25. Be3 Re8 26. Kf1 b5 27. Rd1 Rxd1+ 28. Bxd1 Ne4 29. Bh5+ Kf8 30. Bxe8 Kxe8 31. Bc1 Bd4 32. Ke2 c5 33. g4 a4 34. Rh6 Kf7 35. Kf3 Nf2 36. b3 axb3 37. axb3 Nd3 38. Bd2 Bg7 39. Rc6 Bf8 40. Ke4 Nb2 41. Bc3 Nd1 42. Ba1 Nf2+ 43. Kf5 Nd3 44. g5 Nb4 45. g6+ Kg8 46. Rc8 1-0

[Event "USA-ch (Women)"]
[Site "Tulsa"]
[Date "2008.05.13"]
[Round "9"]
[White "Zenyuk, Iryna"]
[Black "Airapetian, Chouchanik"]
[Result "0-1"]
[WhiteElo "2233"]
[BlackElo "2092"]
[PlyCount "146"]
[EventDate "2008.05.13"]
[EventType "tourn"]
[EventRounds "9"]
[EventCountry "USA"]
[SourceTitle "CBM 124 Extra"]
[Source "ChessBase"]
[SourceDate "2008.07.03"]
[SourceVersion "1"]
[SourceVersionDate "2008.07.03"]
[SourceQuality "1"]

1. d4 Nf6 2. Nf3 g6 3. c4 Bg7 4. Nc3 0-0 5. e4 d6 6. Be2 Na6 7. 0-0 e5 8. Be3 Ng4 9. Bg5 Qe8 10. Re1 f6 11. Bc1 Kh8 12. h3 Nh6 13. dxe5 dxe5 14. Be3 c6 15. a3 Nc7 16. c5 Be6 17. Qc2 Qf7 18. b4 Rfd8 19. Nd1 Nb5 20. Bxb5 cxb5 21. Nc3 Bc4 22. a4 bxa4 23. Qc1 Ng8 24. Nd2 Bd3 25. Rxa4 a6 26. Ra3 Ne7 27. Na4 Rac8 28. Nb2 Bb5 29. Nbc4 Qe6 30. Rc3 Nc6 31. Nd6 Rc7 32. Qb2 Bf8 33. N2c4 Bxc4 34. Nxc4 Nd4 35. Nb6 Nb5 36. Rcc1 Kg8 37. Rcd1 Rxd1 38. Rxd1 Kf7 39. Qd2 Be7 40. f4 Rc6 41. Qd3 exf4 42. Bxf4 Na7 43. Nc4 Rc8 44. Bd6 Rd8 45. e5 Nc6 46. Qc3 Nxe5 47. Nxe5+ fxe5 48. Qf3+ Ke8 49. Qxb7 Bxd6 50. Qc6+ Ke7 51. Kh1 Rd7 52. cxd6+ Rxd6 53. Qc5 Kd7 54. Rc1 Qd5 55. Qc7+ Ke6 56. Qxh7 Qd3 57. Qg8+ Kf5 58. Qf8+ Kg5 59. Qe7+ Kf5 60. Re1 e4 61. Qf8+ Kg5 62. Qe7+ Kf5 63. Qf8+ Kg5 64. Rf1 Qg3 65. Qe7+ Kh6 66. h4 e3 67. Qf8+ Kh5 68. Qh8+ Kg4 69. Qf8 e2 70. Qc8+ Kxh4 71. Qc4+ Qg4 72. Qxg4+ Kxg4 73. Re1 Rd1 0-1

[Event "USA-ch Qualifier"]
[Site "Tulsa"]
[Date "2008.03.30"]
[Round "6"]
[White "Airapetian, Chouchanik"]
[Black "Zilberstein, Dmitry"]
[Result "1/2-1/2"]
[WhiteElo "2092"]
[BlackElo "2411"]
[PlyCount "79"]
[EventDate "2008.03.28"]
[EventType "swiss"]
[EventRounds "7"]
[EventCountry "USA"]
[SourceTitle "CBM 123 Extra"]
[Source "ChessBase"]
[SourceDate "2008.05.06"]
[SourceVersion "1"]
[SourceVersionDate "2008.05.06"]
[SourceQuality "1"]

1. e4 Nf6 2. e5 Nd5 3. d4 d6 4. c4 Nb6 5. f4 g6 6. Nc3 Bg7 7. Be3 0-0 8. Be2 dxe5 9. fxe5 c5 10. dxc5 N6d7 11. Nf3 Nxe5 12. Nxe5 Bxe5 13. 0-0 Nc6 14. Bf3 Bf5 15. Qe1 Qd3 16. Kh1 Qxc4 17. Bh6 Qxc5 18. Bxf8 Rxf8 19. Rc1 Qd6 20. Nb5 Qb8 21. Bxc6 Bxb2 22. Bd5 Bxc1 23. Qxc1 Bd3 24. Re1 Bxb5 25. Qc5 Bc6 26. Rxe7 Qd8 27. Bxc6 bxc6 28. Qxa7 Qd1+ 29. Qg1 Qc2 30. a3 Rd8 31. Re1 Qc3 32. Rc1 Qb3 33. h3 h5 34. Qc5 Qa4 35. Qb4 Qa6 36. Qe7 Rd5 37. Qe8+ Kg7 38. Qxc6 Qxa3 39. Rf1 Qd3 40. Qf6+ 1/2-1/2